O abuso psiquiátrico na União Soviética (Record no. 46281)

MARC details
000 -Etiqueta do registo
Valores 00751cam a2200229 04500
100 ## - Dados gerais de processamento
Dados gerais 19860811d1986 k y0pory5003 ba
101 1# - Língua de publicação
Língua por
102 ## - País de publicação
País PT
200 1# - Titulo e menção de responsabilidade
Título próprio O abuso psiquiátrico na União Soviética
Informação de outro título uma nódoa no mundo da psiquiatria
Primeira menção de responsabilidade Sidney Bloch, Peter Reddaway
Outras menções de responsabilidade trad. Maria da Luz Mota Veiga
210 #9 - Publicação
Local de publicação Mem Martins
Nome do editor Publicações Europa-América,
Data de publicação [D.L. 1986]
215 ## - Descrição física 
Paginação / Volumes 263, [8] p. il.
Outras indicações físicas il.
Dimensões 21 cm
225 2# - Colecção 
Título próprio da colecção Estudos e documentos
Indicação de volume 216
304 ## - Nota relativa ao título
Texto de nota Tít. orig. Soviet psychiatric abuse
675 ## - CDU
Notação 32(470+571)
675 ## - CDU
Notação 616
Edição med
Língua por
700 #1 - Autor principal
Apelido Bloch,
Nome Sidney
701 #1 - Autor co-responsavel
Apelido Reddaway,
Nome Peter
Função 070
702 #1 - Autor secundário
Apelido Veiga,
Nome Maria da Luz Mota
Função 730
801 #0 - Fonte de origem
País PT
Agência BN
Regras de catalogação RPC
990 ## - Elementos KOHA
Tipo de documento Livro
Holdings
Aquisição Empréstimo Código de barras Cota Permissão de empréstimo Tipo de documento Nota relativa ao exemplar
Biblioteca Municipal de Redondo Biblioteca Municipal de Redondo 057389 32(470+571) BLO   Livro oferta de Franklim Amaro cabreirinha

Powered by Koha